| 000 | 00772cam a2200265 a 4500 | ||
|---|---|---|---|
| 001 | 32714 | ||
| 003 | BD-RjUL | ||
| 005 | 20211209051902.0 | ||
| 008 | 140428s1996 ii b 000 0 eng | ||
| 020 | _a8174350640 | ||
| 035 | _a(BD-RjUL)32804 | ||
| 040 |
_aDLC _cDLC _dDLC _dBD-RjUL _beng |
||
| 041 | _aeng | ||
| 082 | 0 | 0 |
_a297.63 _219 _bSAO 1996 |
| 100 | 1 |
_aSarwar, Ghulam. _999501 |
|
| 245 | 1 | 4 |
_aThe origin and development of Islam : _blife of holy Prophet / _cby Ghulam Sarwar. |
| 250 | _arev. ed. | ||
| 260 |
_aDelhi : _bAdam pub., _cc1996. |
||
| 300 |
_aix, 487 p. ; _c22 cm. |
||
| 600 | 0 |
_aMuḼammad, _cProphet, _d632 _qBiography. _999508 |
|
| 651 | 0 |
_aIslamic Empire _xHistory. _999503 |
|
| 942 |
_2ddc _cBK |
||
| 999 |
_c32714 _d32714 |
||